000 00719cam a2200229 a 4500
001 2858573
005 20180209072202.0
008 850116s1985 maua b 001 0 eng
010 _a 85001297
020 _a0887300413
040 _aDLC
_cDLC
_dDLC
041 _aeng
080 _a338.542 KLE
082 0 0 _a338.542 KLE
_219
100 1 _a52
101 _aECO
245 1 0 _aMonitoring growth cycles in market-oriented countries :
_cPhilip A. Klein and Geoffrey H. Moore.
504 _aBibliography: p. 363-369.
740 0 _aGrowth cycles in market-oriented countries.
906 _a7
_bcbc
_corignew
_d1
_eocip
_f19
_gy-gencatlg
942 _2ddc
_cBK
999 _c42255
_d42255